Justicia constitucional: teoría y práctica en el derecho chileno y comparado

Guardat en:
Dades bibliogràfiques
Autor principal: Zapata Larraín, Patricio (Autor)
Format: Llibre
Idioma:espanyol
Publicat: Santiago Jurídica 2008
Edició:1a. ed
Matèries:
Etiquetes: Afegir etiqueta
Sense etiquetes, Sigues el primer a etiquetar aquest registre!

MARC

LEADER 00000nam a2200000 a 4500
001 UCH0182
003 CL-VaPUC
008 090115e20080000CL |||||||||||||||||spa|d
020 |a 9789561018914 
082 0 4 |a 342.830413  |b ZAP  |2 21 
100 0 |a Zapata Larraín, Patricio  |e author  |9 534332 
245 1 0 |a Justicia constitucional: teoría y práctica en el derecho chileno y comparado 
250 |a 1a. ed 
300 |a 623 p 
942 |c BK 
945 |d 20090115 00:00:00  |a jtorresc 
260 |a Santiago  |b Jurídica  |c 2008 
650 0 |a Derecho constitucional   |9 222588 
650 0 |a Tribunal constitucional   |9 255000 
650 7 |a DERECHO CHILENO  |2 CL-VaPUC  |9 534333 
650 0 |a Derecho comparado  |9 255664 
583 |a last modification  |c 20161026 05:19:39  |k Rodrigo Vera 
999 |c 332543  |d 332541 
952 |0 0  |1 0  |4 0  |6 342_830413000000000_ZAP_2008  |7 0  |8 A  |9 420332  |a BIBDER  |b BIBDER  |d 2019-11-22  |i 4512642  |l 1  |m 2  |o 342.830413 ZAP 2008  |p 4512642  |r 2023-01-25  |s 2022-05-23  |w 2019-11-22  |y BK  |k DER